|
|
|
|
| LEADER |
00972nam a2200229 a 4500 |
| 001 |
00024667 |
| 008 |
120229s2011 bg a b 000 0 eng d |
| 020 |
|
|
|a 9789843339386
|
| 040 |
|
|
|a BD-DhAAL
|c BD-DhAAL
|
| 082 |
0 |
4 |
|a 551.6095492
|2 22
|
| 999 |
|
|
|c 11929
|d 11929
|
| 999 |
|
|
|c 11929
|
| 245 |
1 |
0 |
|a Protocol for monitoring of impacts of climate change and climate variability in Bangladesh /
|c edited by Ainun Nishat
|
| 260 |
|
|
|a Dhaka :
|b IUCN (International Union for Conservation of Nature,
|c 2011.
|
| 300 |
|
|
|a xiv, 182 p. :
|b ill. ;
|c 25 cm.
|
| 504 |
|
|
|a Includes bibliographical references (p.166-169).
|
| 541 |
1 |
|
|e 00024667
|
| 650 |
|
0 |
|a Climatic changes
|x Environmental aspects
|z Bangladesh
|9 1861
|
| 700 |
1 |
|
|a Nishat, Ainun
|9 1862
|
| 852 |
1 |
|
|a Ayesha Abed Library
|j General shelf
|
| 942 |
|
|
|2 ddc
|c BK
|
| 952 |
|
|
|0 0
|1 0
|4 0
|6 551_609549200000000_PRO
|7 0
|9 19506
|a BRACUL
|b BRACUL
|c GEN
|d 2012-02-29
|e Gifted by VC
|l 1
|o 551.6095492 PRO
|p 3010024667
|r 2014-01-01
|s 2013-10-07
|t 1
|w 2012-02-29
|y BK
|